Name the Medical Condition #2 - Statistics

General Stats
  • This quiz has been taken 40 times
  • The average score is 8 of 15
Answer Stats
Hint Answer % Correct
Condition characterised by constant fatigue, problems with thinking, concentration and memory, and sleeping problems (can include both insomnia and oversleeping) Myalgic encephalomyelitis
97%
Deadly viral infection, caused by the bite or scratch of an infected animal Rabies
93%
Eating disorder characterised by a combination of binge eating and purging Bulimia nervosa
80%
Degenerative brain condition more commonly found in the elderly, characterised by tremors and stiffness Parkinson's disease
80%
Infection of the membranes surrounding the brain and spinal cord Meningitis
63%
Pressure on the median nerve in the wrist. Symptoms may include tingling, numbness and pain. Carpal tunnel syndrome
60%
Blockage of a blood vessel in the lungs by a blood clot Pulmonary embolism
53%
Also known as German measles, it results in a spotty rash Rubella
53%
Caused by a deficiency in Vitamin D, it results in bowed (outward-curving) legs Rickets
47%
A lung disease, protected against using the BCG vaccine. It causes the most deaths globally for an infectious disease every year. Tuberculosis
47%
Largely asymptomatic viral infection, now extremely rare Poliomyelitis
33%
Life-threatening autoimmune reaction Sepsis
20%
A genetic disorder which causes short stature and disproportionately short arms and legs Achondroplasia
13%
When part of the brain pushes into the spinal canal Chiari malformation
7%
Rare but life-threatening condition, caused by either Staphylococcus or Streptococcus bacteria Toxic shock syndrome
3%
No matching quizzes found
Score Distribution
Percent of People with Each Score
Percentile by Number Answered
Your Score History
You have not taken this quiz